|
|
|
|
| LEADER |
00000nab a2200000 a 4500 |
| 001 |
vtls001000597 |
| 003 |
SK-MaSNL |
| 005 |
20260303041055.0 |
| 008 |
040720e19940325xo 0 slo |
| 035 |
|
|
|a RV1197
|
| 040 |
|
|
|a RVGKPD
|b slo
|c RVGKPD
|e AACR2
|
| 041 |
0 |
|
|a slo
|
| 044 |
|
|
|a xo
|c SK
|
| 080 |
|
|
|a 656.132
|2 1981
|
| 100 |
0 |
|
|a -r-
|4 aut
|9 620826
|
| 245 |
1 |
0 |
|a Ležadlové autobusy v novom šate
|b Jarné sťahovanie v dobšinskej prevádzkárni
|
| 500 |
|
|
|a činnosť
|
| 500 |
|
|
|a informácie
|
| 610 |
2 |
7 |
|a Slovenská autobusová doprava (Dobšiná, Slovensko)
|2 RVGKPD
|9 1025806
|
| 650 |
0 |
7 |
|a autobusová doprava
|2 RVGKPD
|9 70865
|
| 651 |
|
7 |
|a Gočovo (Slovensko)
|2 RVGKPD
|9 58511
|
| 655 |
|
7 |
|a periodikum
|2 snkbucl
|9 29553
|
| 710 |
2 |
|
|a Slovenská autobusová doprava (Dobšiná, Slovensko)
|4 aut
|9 1025806
|
| 773 |
0 |
8 |
|t Východoslovenský dopravár
|g Roč. 30, č.3, 25.3.1994, s. 2
|
| 852 |
|
|
|a ZVYKNI
|b KIS3GCP
|
| 999 |
|
|
|c 1685113
|d 1687043
|